Statistics for Hebrew Letters Quiz

Click here to take the quiz!

General Stats

  • This quiz has been taken 5,809 times
    (5,687 since last reset)
  • The average score is 13 of 22

Answer Stats

HintLetter% Correct
אAlef
92%
בBet
81%
גGimel
69%
הHe
69%
דDalet
62%
נNun
62%
שShin
61%
מMem
59%
טTet
58%
יYod
58%
לLamed
57%
וVav
57%
חHet
56%
פPe
56%
רResh
52%
תTav
52%
זZayin
51%
כKaf
49%
סSamekh
49%
עAyin
49%
צTsadi
49%
קQof
49%

Score Distribution

Percentile by Number Answered

Percent of People with Each Score

Your Score History

You have not taken this quiz since the last reset